00385pab a2200145 454500008004000000100001800040245005100058260000900109300001300118362001100131650002200142650003400164650002600198773001500224180718b2013 xxu||||| |||| 00| 0 eng d aKaushik, B.K. aHow to reform parliamentary democracy in India c2013 ap.21-22. a18 May aDemocracy - India aParliamentary systems - India aParliamentary systems aMainstream